| 000 | 00614nam a2200217Ia 4500 | ||
|---|---|---|---|
| 005 | 20260429112157.0 | ||
| 008 | 260429s9999||||xx |||||||||||||| ||und|| | ||
| 020 | _a9781440878572 | ||
| 041 | _aEnglish | ||
| 082 |
_a020.72 _bCON |
||
| 100 | _aConnaway, Lynn Silipigni | ||
| 245 | 0 |
_aResearch methods in library and information science / _cLynn Silipigni Connaway |
|
| 250 | _a7th ed. | ||
| 260 |
_aCalifornia : _bLibraries Unlimited, _c2021. |
||
| 300 | _axxii, 528 p.; pbk | ||
| 650 | _a Methodology | ||
| 650 | _a Research | ||
| 650 | _aLibrary science | ||
| 700 | _a Radford, Marie L. | ||
| 942 | _cTB | ||
| 999 |
_c52742 _d52742 |
||